Central Library OPAC University of Rajshahi

দৌড়, ঝাপ ও নিক্ষেপ / (Record no. 72153)

MARC details
000 -LEADER
fixed length control field 00833nam a2200229 a 4500
001 - CONTROL NUMBER
control field 72153
003 - CONTROL NUMBER IDENTIFIER
rucl marc code BD-RjUL
005 - DATE AND TIME OF LATEST TRANSACTION
control field 20211209082222.0
008 - FIXED-LENGTH DATA ELEMENTS--GENERAL INFORMATION
fixed length control field 170514s1981 bg a|||| |||| 000 0 ben d
035 ## - SYSTEM CONTROL NUMBER
System control number (BD-RjUL)72369
040 ## - CATALOGING SOURCE
Original cataloging agency BD-RjUL
Language of cataloging ben
Transcribing agency BD-RjUL
Modifying agency BD-RjUL
041 ## - LANGUAGE CODE
Language code of text/sound track or separate title ben
082 ## - DEWEY DECIMAL CLASSIFICATION NUMBER
Edition number 23
Classification number 796.4
Author mark and year ALD 1981
100 1# - MAIN ENTRY--PERSONAL NAME
Personal name আলিম, কাজী আবদুল
9 (RLIN) 166407
245 10 - TITLE STATEMENT
Title দৌড়, ঝাপ ও নিক্ষেপ /
Statement of responsibility, etc. কাজী আবদুল আলিম
250 ## - EDITION STATEMENT
Edition statement ৩ য় সং.
260 ## - PUBLICATION, DISTRIBUTION, ETC. (IMPRINT)
Place of publication, distribution, etc. ঢাকা ;
Name of publisher, distributor, etc. স্পোর্টস পাবলিকেশনস,
Date of publication, distribution, etc. ১৯৮১
300 ## - PHYSICAL DESCRIPTION
Pagination ৩৭৩ পৃ. :
Illustrations চিত্র. ;
Size ২৬ সেমি .
650 ## - SUBJECT ADDED ENTRY--TOPICAL TERM
Topical term or geographic name as entry element ওজন নিক্ষেপ
9 (RLIN) 166408
Topical term or geographic name as entry element Weight Lifting
9 (RLIN) 166409
942 ## - ADDED ENTRY ELEMENTS (KOHA)
Source of classification or shelving scheme Dewey Decimal Classification
Koha item type Books
Holdings
Lost status Source of classification or shelving scheme Damaged status Not for loan Collection code Permanent Location Current Location Shelving location Date acquired Source of acquisition Cost, normal purchase price Total Checkouts Full call number Date last seen Copy number Koha item type
  Dewey Decimal Classification   Not For Loan Non-fiction Central Library, University of Rajshahi Central Library, University of Rajshahi Reading Room 07/04/1984 Books and periodical, Dhaka 45.00   B 796.4 ALD 1981 14/05/2017 C-1 Books